Pyemont's Company Law of South Africa : (Record no. 245)

MARC details
000 -LEADER
fixed length control field 00618nam a22001697a 4500
005 - DATE AND TIME OF INPUT
control field 20231102082418.0
008 - DATA ELEMENTS--GENERAL INFORMATION
fixed length control field 231102b |||||||| |||| 00| 0 eng d
041 ## - LANGUAGE CODE
Language code of text English
082 ## - SHELF NUMBER
DDC number 346.6 PYE
100 ## - MAIN AUTHOR
Main author's name Diemont, MA and Boehmke, MA
Language of a work English
245 ## - TITLE STATEMENT
Title Pyemont's Company Law of South Africa :
Sub-title containing the statutes, forms and rules with comment thereon /
Statement of responsibility, etc. MA Diemont and MA Boekmke
250 ## - EDITION STATEMENT
Edition statement Sixth Edition
260 ## - PUBLICATION, DISTRIBUTION, ETC.
Place of publication, distribution, etc. Cape Town :
Name of publisher, distributor, etc. Juta and Company Ltd,
Date of publication, distribution, etc. 1953
300 ## - PHYSICAL DESCRIPTION
Other physical details lxiv, 722 pages ;
Dimensions 26 cm.
650 ## - SUBJECT`
Broad subject Legal practice
Own subject terms Law
942 ## - ADDED ENTRY ELEMENTS (KOHA)
Item type Books
942 ## - ADDED ENTRY ELEMENTS (KOHA)
-- ALISON_BN_VRIES
Holdings
Source of classification or shelving scheme Not for loan Collection code Home library Current library Shelving location Date acquired Full call number Barcode Price effective from Koha item type
Dewey Decimal Classification   TEXT BOOKS LAW SOCIETY OF NAMIBIA LIBRARY - WINDHOEK LAW SOCIETY OF NAMIBIA LIBRARY - WINDHOEK Corporate, commercial and company law 11/02/2023 346.6 PYE LSN/1988/59 11/02/2023 Books